Clubs d'Île-de-France en U19 National (2024/2025) - Statistiques

Statistiques générales
  • Ce quiz a été pris 13 fois
    12 depuis la dernière actualisation
  • Le résultat moyen est 3 sur 5
Statistiques - réponses
Groupe Département Club % Correct
A 75 / 78 Paris-Saint-Germain FC
100%
B 75 Paris FC
91%
A 93 Montfermeil FC
64%
B 93 FC 93 BBG
55%
A 75 / 92 Racing Club de France / Colombes
36%
Aucun quiz correspondant
Distribution des résultats
% des personnes avec chaque résultat
Percentile par nombre de réponses
Votre historique - résultats
Vous n’avez pas pris ce quiz depuis la dernière actualisation